000 00717pam a2200217 a 4500
020 _a0070460833 (alk. paper)
082 0 0 _a621.3
_bPAU
_cN-1, P-155
100 1 _aPaul, Clayton R.
_941146
245 1 0 _aIntroduction to electromagnetic fields /
_cClayton R. Paul, Keith W. Whites, Syed A. Nasar.
250 _a3rd ed.
260 _aBoston :
_bWCB/McGraw-Hill,
_cc1998.
300 _axx, 758 p. :
_bill. (some col.) ;
_c25 cm.
500 _aIncludes index.
526 _a0
_b0
_c0
_d621_300000000000000_PAU
526 _a0
_b0
_c0
_d621_300000000000000_PAU
650 0 _aElectromagnetic fields.
_910532
650 0 _aMCE
_9379
700 1 _aNasar, S. A.
_941147
700 1 _aWhites, Keith W.
_941148
942 _2ddc
_cBK
999 _c545334
_d545334